000 00571nam a2200217Ia 4500
001 15048
003 GE_BSU
008 181216s||||||||xx |||||||||||||| ||und||
040 _cGE_BSU
080 _a517.52(075.8)
100 _aВоробьев,Н.Н.
245 _aТеория рядов
245 _bИзбр. главы высш. математики для инженеров
250 _a5-е изд.
260 _aМосква
260 _bНаука
260 _c1986
300 _a407стр.21см.
653 _aТеория рядов
942 _cBK
999 _c48166
_d48166